| 000 | 00530nam a2200145 4500 | ||
|---|---|---|---|
| 082 | _aMSIT-15 TAR | ||
| 100 | _aHafiz Tariq Ghulam Hussain | ||
| 245 | _aEvaluating collaboration among the internet of things through agent based modelling and simulation approach | ||
| 260 |
_aIslamabad _bNUST-SEECS _c2018 |
||
| 300 |
_a70p. _eCD Includes |
||
| 856 | _uhttp://10.250.8.41:8080/xmlui/handle/123456789/23326 | ||
| 942 |
_2ddc _cTHE |
||
| 999 |
_c356245 _d356245 |
||